000 00678cam a2200193 4500
001 WB3736-31
008 010925n2001 000 0 eng u
035 _a(Sirsi) u114810
245 _aRICS Cyprus as Middle Eastern hub
260 _c2001
490 _aRICS Press Release
_v(pr118) 25 September 2001, (2)
520 _aRICS President and Chief Executive recently visited Cyprus to promote chartered surveying and to investigate for future cooperation. Cyprus could become the centre for chartered surveying in the Middle East.
590 _aWB
650 _aCYPRUS
650 _aABOUT RICS-RICS MEMBERS
650 _aMIDDLE EAST
690 _aRICS NEWS
942 _n0
999 _c68351
_d68351